Growing a growth mindset : (Record no. 354914)
[ view plain ]
| 000 -LEADER | |
|---|---|
| fixed length control field | 00374nam a2200109Ia 4500 |
| 008 - FIXED-LENGTH DATA ELEMENTS--GENERAL INFORMATION | |
| fixed length control field | 180205s9999 xx 000 0 und d |
| 020 ## - INTERNATIONAL STANDARD BOOK NUMBER | |
| International Standard Book Number | 9781475824735 |
| 100 ## - MAIN ENTRY--PERSONAL NAME | |
| Personal name | Sheehan, Kevin |
| 245 ## - TITLE STATEMENT | |
| Statement of responsibility, etc | Ryan, Jessica |
| Title | Growing a growth mindset : |
| Remainder of title | unlocking character strengths through children's literature |
| 260 ## - PUBLICATION, DISTRIBUTION, ETC. (IMPRINT) | |
| Place of publication, distribution, etc | London : |
| Name of publisher, distributor, etc | Rowman & Littlefield |
| Date of publication, distribution, etc | 2017 |
| 300 ## - PHYSICAL DESCRIPTION | |
| Extent | vii, 212 pages |
| Withdrawn status | Lost status | Damaged status | Home library | Current library | Shelving location | Date acquired | Source of acquisition | Total Checkouts | Total Renewals | Full call number | Barcode | Date last seen | Date checked out | Price effective from | Koha item type |
|---|---|---|---|---|---|---|---|---|---|---|---|---|---|---|---|
| College Library | College Library | Reserve Section | 02/05/2018 | Library Fund | 3 | 29 | LC 311 .Sh541 2017 | c21141 | 02/17/2021 | 01/05/2021 | 02/05/2018 | Books |